ABBA or Queen? - Statistics

General Stats
  • This quiz has been taken 314 times
  • The average score is 26 of 30
Answer Stats
Hint Answer % Correct
Mamma Mia ABBA
97%
We Will Rock You Queen
97%
Chiquitita ABBA
96%
Another One Bites The Dust Queen
96%
Gimme! Gimme! Gimme! (A Man After Midnight) ABBA
95%
Waterloo ABBA
95%
Super Trouper ABBA
95%
Bohemian Rhapsody Queen
95%
We Are The Champions Queen
95%
I Want To Break Free Queen
95%
Dancing Queen ABBA
94%
Don't Stop Me Now Queen
94%
Knowing Me, Knowing You ABBA
93%
Take A Chance On Me ABBA
93%
Under Pressure Queen
93%
The Winner Takes It All ABBA
92%
Fernando ABBA
92%
Killer Queen Queen
91%
Thank You For The Music ABBA
89%
Crazy Little Thing Called Love Queen
88%
Fat Bottomed Girls Queen
88%
Who Wants To Live Forever Queen
88%
Keep Yourself Alive Queen
83%
I Want It All Queen
82%
A Kind Of Magic Queen
82%
Too Much Love Will Kill You Queen
82%
One Of Us ABBA
74%
The Day Before You Came ABBA
66%
Play The Game Queen
66%
Liar Queen
63%
No matching quizzes found
Score Distribution
Percent of People with Each Score
Percentile by Number Answered
Your Score History
You have not taken this quiz